Guess The Video Game Logos Pt. 5 - Statistics

General Stats
  • This quiz has been taken 67 times
  • The average score is 7 of 16
Answer Stats
Picture Answer % Correct
Red Dead Redemption II
91%
Hollow Knight
82%
Little Nightmares
72%
Henry Stickmin
65%
The Binding of Isaac
61%
totally accurate battle simulator
61%
Life Is Strange
58%
Castle Crashers
46%
Peak
44%
Persona 5
39%
Sonic Mania
37%
Super Smash Bros. Brawl
33%
Enter the Gungeon
25%
Machinarium
14%
Happy Home Designer
11%
Guilty As A Sock
9%
No matching quizzes found
Score Distribution
Percent of People with Each Score
Percentile by Number Answered
Your Score History
You have not taken this quiz